000 00658nam a2200241Ia 4500
003 OSt
005 20220927105146.0
006 a|||||r|||| 00| 0
007 ta
008 220926b |||||||| |||| 00| 0 eng d
020 _a0719017718
024 _a188055
037 _cReference Collections
040 _aRTL
_cRTL
_beng
041 _2eng
_aeng
082 _a"Y9(W), M7"
100 _aMorriss Peter
_9370619
245 0 _aPower
_b A philosophical analysis
260 _aManchester
_bManchester University
_c1987
300 _a"viii, 266p"
_ccm.
942 _h"Y9(W), M7"
_cCC
999 _c690958
_d690958